Music Quiz

Random Music or Song Quiz

'Summer' Songs Quiz Stats

 Plays Quiz Updated Sep 8, 2014

Also try: Summer Grab Bag
Challenge
Share
Tweet
Embed
Score 0/20 Timer 06:00
1 Play Today
% Correct
John Travolta and Olivia Newton-John
80.9%
Bryan Adams
80.5%
Don Henley
64.6%
Bananarama
58.6%
DJ Jazzy Jeff & The Fresh Prince
48.9%
Kid Rock
48.7%
Lana Del Rey & Cedric Gervais
47.9%
The Lovin' Spoonful
47.7%
Shaggy
47.4%
Seals and Crofts
46%
% Correct
Mungo Jerry
44%
Eddie Cochran
39.1%
Justin Timberlake
38.4%
Sly and the Family Stone
37.8%
Calvin Harris
36.2%
Nat King Cole
34.3%
The Motels
29.8%
Percy Faith
29.5%
LFO
29%
Keith Urban
27%

You're not logged in!

Compare scores with friends on all Sporcle quizzes.
OR
Log In

You Might Also Like...

Show Comments

Extras

Top Quizzes Today


Score Distribution

Your Account Isn't Verified!

In order to create a playlist on Sporcle, you need to verify the email address you used during registration. Go to your Sporcle Settings to finish the process.

Report this User

Report this user for behavior that violates our Community Guidelines.

Details: